Coupe du Monde de Foot 2026 / Coupe du Monde de Rugby 2027 - Statistiques

Statistiques générales
  • Ce quiz a été pris 151 fois
  • Le résultat moyen est 11 sur 13
Statistiques - réponses
Réponse % Correct
France
100%
Angleterre
96%
Australie
96%
Argentine
92%
Nouvelle-Zélande
91%
Ecosse
87%
Afrique du Sud
86%
Etats-Unis
86%
Japon
83%
Espagne
81%
Portugal
81%
Canada
78%
Uruguay
56%
Aucun quiz correspondant
Distribution des résultats
% des personnes avec chaque résultat
Percentile par nombre de réponses
Votre historique - résultats
Vous n’avez pas pris ce quiz